| 000 | 00567nam a2200205 u 4500 | ||
|---|---|---|---|
| 005 | 20241211063729.0 | ||
| 008 | 100211s2004 cl r 000 0 spa d | ||
| 020 | _a9589401449 | ||
| 035 | _aUPN01000174674 | ||
| 049 | _aCG | ||
| 050 | 4 |
_aGN51 _bM3.5 2004 |
|
| 100 | 1 | _aMalagón de García, Cecilia | |
| 245 | 1 | 0 |
_aManual de antropometría / _cCecilia Malagón de García. |
| 250 | _a2a ed. | ||
| 260 |
_aArmenia, Col. : _bKinesis, _c2004. |
||
| 300 |
_a166 p. : _bil., tablas |
||
| 440 | 0 | _aDeporte y salud | |
| 650 | 4 |
_aAntropometría _96478 |
|
| 905 | _aLibro | ||
| 999 |
_c146778 _d146778 |
||